Evolución del conflicto armado en Colombia e Iberoamérica tomo III : (Registro nro. 5005)
[ vista simple ]
| 000 -LEADER | |
|---|---|
| fixed length control field | 01074nam a2200241Ia 4500 |
| 003 - CONTROL NUMBER IDENTIFIER | |
| control field | OSt |
| 005 - DATE AND TIME OF LATEST TRANSACTION | |
| control field | 20200422101828.0 |
| 008 - FIXED-LENGTH DATA ELEMENTS--GENERAL INFORMATION | |
| fixed length control field | 191128s2013 ck gr 000 0dspa d |
| 020 ## - INTERNATIONAL STANDARD BOOK NUMBER | |
| International Standard Book Number | 9789588713335 |
| 040 ## - CATALOGING SOURCE | |
| Original cataloging agency | CO-JMCR |
| Transcribing agency | CO-JMCR |
| 041 0# - LANGUAGE CODE | |
| Language code of text/sound track or separate title | spa |
| 082 04 - DEWEY DECIMAL CLASSIFICATION NUMBER | |
| Classification number | 303.64 / |
| Item number | R396a |
| 100 1# - MAIN ENTRY--PERSONAL NAME | |
| Personal name | Rizo Otero Harold José, |
| Relator term | autor |
| 9 (RLIN) | 3362 |
| 245 10 - TITLE STATEMENT | |
| Title | Evolución del conflicto armado en Colombia e Iberoamérica tomo III : |
| Remainder of title | Hechos de paz durante el segundo mandato del Presidente álvaro Uribe Vélez / |
| Statement of responsibility, etc. | Harold José Rizo Otero |
| 260 ## - PUBLICATION, DISTRIBUTION, ETC. | |
| Place of publication, distribution, etc. | Cali : |
| Name of publisher, distributor, etc. | Universidad Autónoma de Occidente, |
| Date of publication, distribution, etc. | 2013 |
| 300 ## - PHYSICAL DESCRIPTION | |
| Extent | 485 páginas ; |
| Dimensions | 23 cm. |
| 504 ## - BIBLIOGRAPHY, ETC. NOTE | |
| Bibliography, etc. note | Bibliografía: páginas 483-484. |
| 505 ## - FORMATTED CONTENTS NOTE | |
| Formatted contents note | Hechos de paz durante el segundo madato del presidente Álvaro Uribe Vélez -- El ELN no se acogerá a la ley de Justicia y paz -- Evalúan nececidad de cambiar justicia y paz -- Retos de los jueces de Justicia y Paz |
| 650 14 - SUBJECT ADDED ENTRY--TOPICAL TERM | |
| Topical term or geographic name entry element | Conflicto armado |
| Geographic subdivision | Colombia |
| 9 (RLIN) | 3363 |
| 650 24 - SUBJECT ADDED ENTRY--TOPICAL TERM | |
| Topical term or geographic name entry element | Guerrillas |
| Geographic subdivision | Colombia |
| 9 (RLIN) | 3364 |
| 650 24 - SUBJECT ADDED ENTRY--TOPICAL TERM | |
| Topical term or geographic name entry element | Violencia política |
| Geographic subdivision | Colombia |
| 9 (RLIN) | 3365 |
| 942 ## - ADDED ENTRY ELEMENTS (KOHA) | |
| Source of classification or shelving scheme | Dewey Decimal Classification |
| Koha item type | Books |
| Withdrawn status | Lost status | Source of classification or shelving scheme | Materials specified (bound volume or other part) | Damaged status | Not for loan | Home library | Current library | Shelving location | Date acquired | Source of acquisition | Cost, normal purchase price | Total Checkouts | Full call number | Barcode | Date last seen | Copy number | Price effective from | Koha item type |
|---|---|---|---|---|---|---|---|---|---|---|---|---|---|---|---|---|---|---|
| Dewey Decimal Classification | Donación--15/04/2018-- | Biblioteca Pública José María del Castillo y Rada | Biblioteca Pública José María del Castillo y Rada | General Stacks | 11/28/2019 | Donación | 0.00 | 303.64 / R396a | 430001129 | 05/16/2024 | V.3 / Ej.1 | 11/28/2019 | Books |